000 00740nam a22002417a 4500
005 20150710111900.0
010 _aENG-113207
020 _c445.00
035 _aEN-96739
037 _bDBAD/PUB
082 _a615.1
100 _aMaity,S.P.
245 _aPharmacology :
_cby S.P. Maity, R.N. Chatterjee [and] A.K. Das ; edited by M.M. Das
_bfor the second professional course /
250 _a7th rev. & updated ed
260 _aKolkata
_bNew Central Book Agency
_c2014
270 _a8/1 Chintamoni Das Lane,
_bKolkata
_e700009
300 _axii,464p. :
_c24cm(pbk)
_bill.
500 _aIncludes index
700 _aChatterjee, R.N.
700 _aDas, A.K.
700 _aDas, M.M.
942 _2ddc
_cEN
_mMAI
_h615.1
999 _c93847
_d93847